00951nam a2200277 a 4500999001500000001000400015003000900019005001700028008004100045020001500086040003400101082001600135100002400151245013900175260006700314300003900381500002000420505001100440650002200451650001200473650001300485700002400498700002100522942001200543952011800555 c4371d4371529BD-DhUAP20201109101735.0201109r19891963ii a 001 0 eng d a8185015821 aDLCcCarPdDLCdBD-DhUAPbEng04a537 FEY223 aFeynman, Richard P.10aThe Feynman lectures on physics : bmainly mechanics, radiation, and heat /cRichard P. Feynman, Robert B. Leighton and Matthew Sands. aNew Delhi :bNarosa publishing house,cc1963 [Reprinted 1989]. avolumes :billustrations ;c28 cm. aIncludes index. aV. 1-- aElectromagnetism. aMatter. aPhysics. aLeighton, Robert B. aSands, Matthew . 2ddccBK 00102ddc4070aUAPCLbUAPCLcGeneral Stacksd2020-11-09o537 FEY V-1p3010000529r2020-11-09t1w2020-11-09yBK